000 00702nam a2200241 a 4500
001 000000925
005 20240510073817.0
008 090610s2001 dr 001 0 eng d
020 _z9993402184
040 _aDO-SdBNP
_bspa
_cBNPHU
082 _a234.5
_bG633s, 2001
100 1 _aGómez R., Rafaela
_93268
245 1 3 _aLa salvación a través del perdón /
_cRafaela Gómez R.
250 _a4a ed.
260 _aSanto Domingo :
_bMolinaga,
_c2001.
300 _a113 p. ;
_c21 cm.
504 _aBibliografía : p. 114
590 _aInventariado, 2018/BT
650 0 _aVida cristiana
_9668
650 4 _aPerdón
_93269
650 4 _aSalvación
_93270
910 _aValidado. Control de calidad. BNPHU
999 _c916
_d916